Atlanta Braves All Time Stat Leaders - Statistics

General Stats
  • This quiz has been taken 240 times
  • The average score is 7 of 15
Answer Stats
Stats Team Record Players % Correct
Most Home runs 733 HR Hank Aaron
88%
Most Wins 356 Wins Warren Spahn
83%
Most Hits 3600 Hits Hank Aaron
81%
Most RBI's 2202 RBI Hank Aaron
80%
Most Doubles 600 Doubles Hank Aaron
74%
Most Strikeouts 3011 K's John Smoltz
67%
Most Shutouts 63 SHO Warren Spahn
57%
Most Losses 230 Losses Phil Niekro
53%
Most Walks 1512 BB Chipper Jones
48%
Most Saves 186 Saves Craig Kimbrel
48%
Most Completed Games 476 CG Kid Nichols
14%
Highest Batting Average .339 BA Billy Hamilton
8%
Most Triples 103 Triples Rabbit Maranville
7%
Most Stolen Bases 434 SB Herman Long
5%
Lowest ERA 2.21 ERA Tommy Bond
5%
No matching quizzes found
Score Distribution
Percent of People with Each Score
Percentile by Number Answered
Your Score History
You have not taken this quiz